000
00234nam a2200097Ia 4500
001
650097
005
20250826154352.0
008
250824s9999 xx 000 0 und d
245
0
_a
Gizemli Güvercin
_c
Gülten Dayıoğlu
260
_b
ALTIN
999
_c
650097
_d
650097